Az iskolai szervezet válsága és a minőségfejlesztés a vezetői elkötelezettség kialakítása /

Elmentve itt :
Bibliográfiai részletek
Szerző: Talliánné Búza Mária Magdolna
További közreműködők: Setényi János (Témavezető)
Dokumentumtípus: Szakdolgozat
Megjelent: 2002
Tárgyszavak:
Online Access:http://diploma.bibl.u-szeged.hu/122315
LEADER 00805nta a2200193 i 4500
001 dipl122315
005 20220214182650.0
008 220214s2002 hu om 0|| hun d
040 |a SZTE Diploma Repozitórium  |b hun 
041 |a hun 
100 2 |a Talliánné Búza Mária Magdolna 
245 1 3 |a Az iskolai szervezet válsága és a minőségfejlesztés  |h [elektronikus dokumentum] :  |b a vezetői elkötelezettség kialakítása /  |c Mária Magdolna Talliánné Búza 
260 |c 2002 
650 4 |a Bölcsészettudományok 
650 4 |a Social sciences 
650 4 |a Educational sciences 
650 4 |a Education, general (including training, pedagogy, didactics) 
700 1 |a Setényi János  |e ths 
856 4 0 |u http://diploma.bibl.u-szeged.hu/id/eprint/122315/1/2002_tallianne_buza_maria_magdolna.pdf  |z Dokumentum-elérés